| 000 | 00690nam a22002177a 4500 | ||
|---|---|---|---|
| 999 |
_c15484 _d15484 |
||
| 003 | MIRAKIL | ||
| 005 | 20240227105425.0 | ||
| 008 | 240227b tu ||||| |||| 00| 0 tur d | ||
| 020 | _a9786059828895 | ||
| 040 |
_aTR-AnCHP _cTR-AnCHP |
||
| 041 | _atur | ||
| 082 |
_a320.9561 _bT66g [t.y.] |
||
| 090 | _a320.9561 T66g [t.y.] | ||
| 100 | _aTopçu, Semra | ||
| 245 | 1 | 0 |
_aGüne başlarken hafızayı taze tutmak / _cSemra Topçu |
| 260 |
_aİstanbul : _bYılmaz Basım, _c[t.y.] |
||
| 300 |
_a232 s. ; _c21 cm. |
||
| 650 | 0 |
_97600 _aSiyaset _xAraştırma-inceleme _zTürkiye |
|
| 856 | _zDijital Nüshası için Partimizin Kütüphane Sorumlusu ile iletişime geçiniz. | ||
| 942 |
_2ddc _cBKS |
||